[Event "Copenhagen Chess Challenge 2014"]
[Site "Ballerup"]
[Date "2014.05.14"]
[Round "1"]
[White "Bjerre, Tavs"]
[Black "Semcesen, Daniel"]
[Result "0-1"]
[WhiteElo "2067"]
[BlackElo "2513"]
[PlyCount "80"]
[EventDate "2014.??.??"]
[EventType "swiss"]
[EventRounds "9"]
[EventCountry "DEN"]

1. d4 d6 2. c4 f5 3. Nc3 Nf6 4. Nf3 g6 5. g3 Bg7 6. Bg2 O-O 7. O-O Nc6 8. d5
Na5 9. Qd3 c5 10. b3 a6 11. Bb2 Rb8 12. Nd2 Qe8 13. e4 Nxe4 14. Ndxe4 fxe4 15.
Bxe4 b5 16. Rab1 bxc4 17. bxc4 Bh3 18. Rfc1 Qf7 19. Rc2 Rb4 20. Nd1 Rfb8 21.
Qe2 Nxc4 22. Rxc4 Rxc4 23. Qxc4 Rb4 24. Qe2 Rxe4 25. Qxe4 Bf5 26. Qe2 Bxb1 27.
Bxg7 Qxg7 28. Qe6+ Qf7 29. Qxf7+ Kxf7 30. Nc3 Bd3 31. f4 e6 32. dxe6+ Kxe6 33.
Kf2 d5 34. Ke3 Bf5 35. Kd2 d4 36. Nd1 Kd5 37. Nf2 c4 38. g4 c3+ 39. Kc1 Be4 40.
h3 d3 0-1

[Event "Copenhagen Chess Challenge 2014"]
[Site "Ballerup"]
[Date "2014.05.14"]
[Round "1"]
[White "Christensen, Tobias"]
[Black "Karlsson, Robin"]
[Result "1-0"]
[WhiteElo "2368"]
[BlackElo "2008"]
[PlyCount "89"]
[EventDate "2014.??.??"]
[EventType "swiss"]
[EventRounds "9"]
[EventCountry "DEN"]

1. c4 Nf6 2. Nf3 g6 3. Nc3 Bg7 4. d4 d6 5. e4 O-O 6. Be2 e5 7. dxe5 dxe5 8.
Qxd8 Rxd8 9. Bg5 Re8 10. O-O-O c6 11. Nxe5 Nxe4 12. Nxe4 Bxe5 13. Bd3 f5 14.
Nf6+ Bxf6 15. Bxf6 Nd7 16. Bd4 Ne5 17. Be2 b6 18. Bxe5 Rxe5 19. Rd8+ Kf7 20.
Bf3 Bb7 21. Rd7+ Re7 22. Rxb7 Rxb7 23. Bxc6 Rab8 24. Bxb7 Rxb7 25. b3 b5 26.
Kc2 bxc4 27. bxc4 Re7 28. Kd3 Rb7 29. Re1 Rb2 30. Re2 Rb1 31. c5 Rc1 32. Kd4 a5
33. Kd5 Rd1+ 34. Kc4 Rc1+ 35. Kb5 Kf6 36. a4 Kf7 37. c6 Kf6 38. Kb6 Rc3 39. c7
Rb3+ 40. Kxa5 Rc3 41. Kb6 Rb3+ 42. Kc6 Rc3+ 43. Kd7 Rd3+ 44. Ke8 Rc3 45. Re7
1-0

[Event "Copenhagen Chess Challenge 2014"]
[Site "Ballerup"]
[Date "2014.05.14"]
[Round "1"]
[White "Danielsen, Henrik"]
[Black "Skovgaard, Ib"]
[Result "1-0"]
[WhiteElo "2483"]
[BlackElo "2041"]
[PlyCount "57"]
[EventDate "2014.??.??"]
[EventType "swiss"]
[EventRounds "9"]
[EventCountry "DEN"]

1. c4 c6 2. d4 d5 3. Nf3 Nf6 4. Nc3 dxc4 5. a4 Bg4 6. Ne5 Bh5 7. g3 Nbd7 8.
Nxc4 e5 9. dxe5 Ng4 10. h3 Ngxe5 11. Nxe5 Nxe5 12. Qxd8+ Rxd8 13. f4 Nc4 14. g4
Be7 15. e3 Bh4+ 16. Ke2 Bg6 17. f5 O-O 18. Bg2 h6 19. fxg6 fxg6 20. Rf1 Rxf1
21. Bxf1 Rf8 22. Ne4 Nd6 23. Bg2 c5 24. Bd2 Nxe4 25. Bxe4 Rf2+ 26. Kd3 c4+ 27.
Kc2 Bf6 28. Rd1 Kh7 29. Bxb7 1-0

[Event "Copenhagen Chess Challenge 2014"]
[Site "Ballerup"]
[Date "2014.05.14"]
[Round "1"]
[White "de Blecourt Dalsberg, Sandra"]
[Black "Roneid, Heidi"]
[Result "1-0"]
[WhiteElo "2121"]
[BlackElo "1656"]
[PlyCount "75"]
[EventDate "2014.??.??"]
[EventType "swiss"]
[EventRounds "9"]
[EventCountry "DEN"]

1. d4 Nf6 2. c4 e6 3. Nc3 Bb4 4. e3 O-O 5. Nge2 c5 6. a3 cxd4 7. exd4 Ba5 8. b4
Bc7 9. Bg5 h6 10. Bh4 Bd6 11. Bxf6 Qxf6 12. Nb5 Bxb4+ 13. axb4 Nc6 14. Qd2 d5
15. c5 e5 16. Nc7 Rb8 17. Nxd5 Qe6 18. Ne3 exd4 19. Nxd4 Qe5 20. Rd1 Be6 21.
Be2 Rfd8 22. Nxc6 bxc6 23. Qxd8+ Rxd8 24. Rxd8+ Kh7 25. O-O Qb2 26. Bd3+ g6 27.
Rb8 Qc3 28. Ba6 Qa3 29. Bc4 Bxc4 30. Nxc4 Qc3 31. Nd6 Kg7 32. Rb7 a5 33. Rxf7+
Kg8 34. bxa5 Qxc5 35. Rd7 Qxa5 36. Rb1 Qa8 37. Rc7 Qd8 38. Rc1 1-0

[Event "Copenhagen Chess Challenge 2014"]
[Site "Ballerup"]
[Date "2014.05.14"]
[Round "1"]
[White "Englert, Fabian"]
[Black "Bjerre, Jonas Buhl"]
[Result "1-0"]
[WhiteElo "2310"]
[BlackElo "1961"]
[PlyCount "83"]
[EventDate "2014.??.??"]
[EventType "swiss"]
[EventRounds "9"]
[EventCountry "DEN"]

1. e4 c5 2. Nf3 e6 3. Nc3 Nc6 4. d4 cxd4 5. Nxd4 Qc7 6. g3 a6 7. Bg2 Nf6 8. O-O
Be7 9. Re1 O-O 10. Nxc6 dxc6 11. e5 Nd5 12. Qf3 Nxc3 13. Qxc3 Bd7 14. h4 c5 15.
Bg5 Rfe8 16. Rad1 Bf8 17. Re2 h6 18. Red2 Bc6 19. Bxc6 Qxc6 20. Be3 b5 21. Rd7
Rac8 22. Qd3 Qf3 23. c4 Qc6 24. b3 b4 25. Ra7 Rc7 26. Rxc7 Qxc7 27. Qd7 Qb8 28.
Qc6 Qc8 29. Qxc8 Rxc8 30. Rd7 f6 31. exf6 gxf6 32. g4 Rc6 33. Kg2 Bg7 34. Kf3
Kh7 35. Ke4 Kg6 36. h5+ Kh7 37. f4 Kg8 38. f5 Kf8 39. Bf4 a5 40. Bd6+ Ke8 41.
fxe6 Bf8 42. e7 1-0

[Event "Copenhagen Chess Challenge 2014"]
[Site "Ballerup"]
[Date "2014.05.14"]
[Round "1"]
[White "Frank Nielsen, Marie"]
[Black "Sylvan, Jacob"]
[Result "0-1"]
[WhiteElo "1992"]
[BlackElo "2348"]
[PlyCount "60"]
[EventDate "2014.??.??"]
[EventType "swiss"]
[EventRounds "9"]
[EventCountry "DEN"]

1. e4 e5 2. Nf3 Nc6 3. Bb5 f5 4. d4 fxe4 5. Nxe5 Nxe5 6. dxe5 c6 7. Be2 Qa5+ 8.
Bd2 Qxe5 9. Bc3 Qg5 10. g3 Bc5 11. b4 Bb6 12. Qd6 Nf6 13. O-O Bd8 14. h4 Qf5
15. Nd2 Be7 16. Nc4 b5 17. Ne3 Qg6 18. Qd4 O-O 19. h5 Qg5 20. a4 bxa4 21. Rxa4
d5 22. Rxa7 c5 23. Qxf6 gxf6 24. Rxa8 d4 25. Bc4+ Kh8 26. Nd5 Bb7 27. Rxf8+
Bxf8 28. Nf4 Bd6 29. Ne6 Qxh5 30. bxc5 e3 0-1

[Event "Copenhagen Chess Challenge 2014"]
[Site "Ballerup"]
[Date "2014.05.14"]
[Round "1"]
[White "Hansen, Mads"]
[Black "Larsen, Tor Ketil"]
[Result "1-0"]
[WhiteElo "2358"]
[BlackElo "2004"]
[PlyCount "85"]
[EventDate "2014.??.??"]
[EventType "swiss"]
[EventRounds "9"]
[EventCountry "DEN"]

1. e4 d6 2. d4 g6 3. Nf3 Bg7 4. Bd3 Bg4 5. c3 Nd7 6. Nbd2 c5 7. h3 Bxf3 8. Nxf3
Qb6 9. d5 Ngf6 10. Qe2 O-O 11. O-O Rfe8 12. Bc4 Rad8 13. Bf4 Qc7 14. Rad1 a6
15. a4 Nb6 16. Bb3 c4 17. Bc2 e6 18. dxe6 Rxe6 19. a5 Nbd5 20. Bg5 Rde8 21. Rd4
b5 22. axb6 Nxb6 23. Qd1 Nxe4 24. Rxe4 Rxe4 25. Bxe4 Rxe4 26. Nd2 Re6 27. Qf3
h6 28. Be3 d5 29. Ra1 Nd7 30. Qxd5 Rc6 31. Ra4 Nf6 32. Qf3 Nd7 33. Bf4 Qc8 34.
Ne4 Nb6 35. Ra5 g5 36. Be3 Nd7 37. Ng3 Qc7 38. Rd5 Ne5 39. Qf5 Nd3 40. Rd7 Qe5
41. Qxf7+ Kh8 42. Bd4 Rf6 43. Qxg7# 1-0

[Event "Copenhagen Chess Challenge 2014"]
[Site "Ballerup"]
[Date "2014.05.14"]
[Round "1"]
[White "Haub, Thorsten Michael"]
[Black "Andersen, Kim Nyvang"]
[Result "1-0"]
[WhiteElo "2441"]
[BlackElo "2039"]
[PlyCount "81"]
[EventDate "2014.??.??"]
[EventType "swiss"]
[EventRounds "9"]
[EventCountry "DEN"]

1. g3 Nf6 2. Bg2 g6 3. e4 d6 4. d3 Bg7 5. Nf3 c5 6. O-O O-O 7. Nbd2 Nc6 8. c3
Rb8 9. a4 a6 10. d4 cxd4 11. Nxd4 Nxd4 12. cxd4 b5 13. axb5 Rxb5 14. Re1 Qc7
15. Nb1 Nd7 16. Nc3 Rb8 17. Bg5 Nb6 18. Rc1 Qd7 19. Qd3 h6 20. Be3 e6 21. Ra1
d5 22. Bf4 Ra8 23. exd5 Nxd5 24. Bxd5 exd5 25. Ra5 Bb7 26. Na4 Qd8 27. b4 Bc6
28. Nc5 Bb5 29. Qd2 Re8 30. Be3 Qf6 31. Rea1 h5 32. h4 Qb6 33. Qa2 Bc4 34. Qa3
Bf8 35. Bf4 Bb5 36. Be5 Rac8 37. Qf3 Be7 38. Nxa6 Bxa6 39. Rxa6 Qxb4 40. Qxd5
Red8 41. Rxg6+ 1-0

[Event "Copenhagen Chess Challenge 2014"]
[Site "Ballerup"]
[Date "2014.05.14"]
[Round "1"]
[White "Haubro, Sigfred"]
[Black "Krull, Carl"]
[Result "1-0"]
[WhiteElo "2175"]
[BlackElo "1789"]
[PlyCount "93"]
[EventDate "2014.??.??"]
[EventType "swiss"]
[EventRounds "9"]
[EventCountry "DEN"]

1. b4 e5 2. Bb2 Nc6 3. b5 Nd4 4. e3 Nf5 5. Bxe5 d6 6. Bb2 Be6 7. Nf3 Nge7 8. e4
Nh6 9. c4 Ng6 10. d4 f6 11. Bc1 Nf7 12. Be2 f5 13. exf5 Bxf5 14. O-O Be7 15.
Nc3 O-O 16. Nd5 c6 17. Nxe7+ Qxe7 18. a4 Rae8 19. Bd3 Bg4 20. Bxg6 hxg6 21. h3
Bf5 22. Bf4 Qe4 23. Bg3 Qe2 24. Qb3 Bd3 25. Rac1 Qe4 26. Rfe1 Qf5 27. c5 d5 28.
bxc6 bxc6 29. Qb7 Rxe1+ 30. Rxe1 Be4 31. Nd2 Nd8 32. Qxa7 Ne6 33. Nxe4 dxe4 34.
Qd7 Ng5 35. Qxc6 Rf6 36. Qb5 Nf3+ 37. gxf3 exf3 38. Kh2 Qh5 39. c6 Rf5 40. c7
Rf8 41. Qxh5 gxh5 42. Bh4 Rc8 43. Bd8 Kf7 44. d5 g5 45. d6 Ra8 46. Bxg5 h4 47.
d7 1-0

[Event "Copenhagen Chess Challenge 2014"]
[Site "Ballerup"]
[Date "2014.05.14"]
[Round "1"]
[White "Hector, Jonny"]
[Black "Olsen, Aage Dalstrup"]
[Result "1-0"]
[WhiteElo "2511"]
[BlackElo "2054"]
[PlyCount "89"]
[EventDate "2014.??.??"]
[EventType "swiss"]
[EventRounds "9"]
[EventCountry "DEN"]

1. d4 Nf6 2. Nc3 d5 3. Bg5 e6 4. e4 dxe4 5. Nxe4 Be7 6. Bxf6 Bxf6 7. Nf3 Nc6 8.
Bb5 O-O 9. Bxc6 bxc6 10. O-O Qd5 11. Re1 Be7 12. Ne5 Bb7 13. c4 Qd8 14. Nc5
Bxc5 15. dxc5 f6 16. Nd3 Bc8 17. Qf3 Bd7 18. Nb4 Qe7 19. Red1 Qe8 20. Na6 Rc8
21. Qd3 Rf7 22. b4 e5 23. a4 Bg4 24. f3 e4 25. Qd4 Rd7 26. Qe3 Rxd1+ 27. Rxd1
exf3 28. Qxe8+ Rxe8 29. gxf3 Bxf3 30. Rd7 Re2 31. Nxc7 g5 32. b5 cxb5 33. axb5
g4 34. Nd5 Rg2+ 35. Kf1 Rxh2 36. Nxf6+ Kh8 37. Nxg4 Bxg4 38. Rxa7 Rb2 39. c6 h5
40. c7 Bh3+ 41. Kg1 Rg2+ 42. Kh1 Rg8 43. Kh2 Bc8 44. b6 Kg7 45. Ra8 1-0

[Event "Copenhagen Chess Challenge 2014"]
[Site "Ballerup"]
[Date "2014.05.14"]
[Round "1"]
[White "Jensen, Morten Frank"]
[Black "Sahl, Bjarke"]
[Result "0-1"]
[WhiteElo "2005"]
[BlackElo "2368"]
[PlyCount "58"]
[EventDate "2014.??.??"]
[EventType "swiss"]
[EventRounds "9"]
[EventCountry "DEN"]

1. e4 c5 2. Nf3 d6 3. Nc3 Nf6 4. e5 dxe5 5. Nxe5 a6 6. a4 g6 7. Bc4 e6 8. Qe2
Bg7 9. d3 O-O 10. Bg5 Qc7 11. O-O Nc6 12. Nxc6 Qxc6 13. a5 Nd5 14. Bd2 Nb4 15.
Bb3 Qc7 16. f4 Nc6 17. Qe1 Nxa5 18. Ba2 Nc6 19. Ne4 Nd4 20. Bc3 b6 21. Qh4 Qd8
22. Qf2 Bb7 23. Kh1 Rc8 24. Rae1 b5 25. Ng5 h6 26. Nf3 Nxf3 27. Bxg7 Nxe1 28.
Qxe1 Kxg7 29. f5 exf5 0-1

[Event "Copenhagen Chess Challenge 2014"]
[Site "Ballerup"]
[Date "2014.05.14"]
[Round "1"]
[White "Johansen, Johnny Holler"]
[Black "Mueller, Reinhold"]
[Result "0-1"]
[WhiteElo "1949"]
[BlackElo "2282"]
[PlyCount "68"]
[EventDate "2014.??.??"]
[EventType "swiss"]
[EventRounds "9"]
[EventCountry "DEN"]

1. f4 d5 2. Nf3 c5 3. e3 g6 4. d4 Bg7 5. Be2 Nh6 6. O-O O-O 7. b3 Nc6 8. Bb2
Nf5 9. Qd2 cxd4 10. exd4 Qb6 11. c3 a5 12. Na3 a4 13. b4 Nd6 14. Nc2 Bf5 15.
Ne3 a3 16. Bc1 Be4 17. Qd1 e6 18. Qb3 Bxf3 19. Bxf3 Rfc8 20. Bd2 Na7 21. Kh1
Nab5 22. Rac1 Rc7 23. g4 Bh6 24. f5 Bxe3 25. Bxe3 Rac8 26. fxe6 fxe6 27. Bh6
Nxc3 28. Rxc3 Rxc3 29. Qd1 Nf7 30. Bd2 Rc2 31. Qe1 Qxd4 32. Qxe6 Qxd2 33. Be2
Rf8 34. Rf2 Qd4 0-1

[Event "Copenhagen Chess Challenge 2014"]
[Site "Ballerup"]
[Date "2014.05.14"]
[Round "1"]
[White "Karlsson, Anders"]
[Black "Stojanovski, Sandi"]
[Result "1-0"]
[WhiteElo "1915"]
[BlackElo "2265"]
[PlyCount "69"]
[EventDate "2014.??.??"]
[EventType "swiss"]
[EventRounds "9"]
[EventCountry "DEN"]

1. e4 c5 2. Nf3 Nc6 3. d4 cxd4 4. Nxd4 Nf6 5. Nc3 e5 6. Ndb5 d6 7. Bg5 a6 8.
Na3 b5 9. Bxf6 gxf6 10. Nd5 Bg7 11. c3 f5 12. Bd3 Be6 13. Nc2 O-O 14. Nce3 fxe4
15. Bxe4 f5 16. Bc2 Ne7 17. Nxe7+ Qxe7 18. Bxf5 Bxf5 19. Nxf5 Qf6 20. g4 Rad8
21. Qd5+ Kh8 22. a4 b4 23. cxb4 Qg5 24. Nxg7 Qxg7 25. h3 Rf4 26. b5 Rd4 27. Qb3
Re4+ 28. Kf1 a5 29. Qc2 d5 30. Rd1 Rb4 31. Kg2 e4 32. Rhe1 Rxb2 33. Qc5 Rf8 34.
Rf1 Qe5 35. Qxf8# 1-0

[Event "Copenhagen Chess Challenge 2014"]
[Site "Ballerup"]
[Date "2014.05.14"]
[Round "1"]
[White "Karlsson, Ulf"]
[Black "Ochsner, Bjorn Moller"]
[Result "0-1"]
[WhiteElo "1959"]
[BlackElo "2307"]
[PlyCount "58"]
[EventDate "2014.??.??"]
[EventType "swiss"]
[EventRounds "9"]
[EventCountry "DEN"]

1. e4 c5 2. Nc3 d6 3. g3 g6 4. Bg2 Bg7 5. d3 Nc6 6. f4 e6 7. Nf3 Nge7 8. O-O
O-O 9. Bd2 Rb8 10. Rb1 d5 11. Ne2 b5 12. g4 f5 13. gxf5 exf5 14. e5 d4 15. Be1
Nd5 16. Bf2 Bh6 17. Qd2 Re8 18. c4 bxc4 19. dxc4 Nb6 20. Qd3 Nb4 21. Qb3 Be6
22. Rbc1 d3 23. Rfd1 Qe7 24. Rxd3 Nxd3 25. Qxd3 Red8 26. Qa3 Nxc4 27. Bxc5 Qc7
28. Bd6 Qb6+ 29. Qc5 Rxd6 0-1

[Event "Copenhagen Chess Challenge 2014"]
[Site "Ballerup"]
[Date "2014.05.14"]
[Round "1"]
[White "Kistrup, Nicolai"]
[Black "Lauritsen, Martin Lee"]
[Result "0-1"]
[WhiteElo "1721"]
[BlackElo "2141"]
[PlyCount "58"]
[EventDate "2014.??.??"]
[EventType "swiss"]
[EventRounds "9"]
[EventCountry "DEN"]

1. d4 c5 2. d5 Nf6 3. Nc3 d6 4. Nf3 g6 5. Bf4 Bg7 6. Nd2 b5 7. e4 b4 8. Bb5+
Bd7 9. Bxd7+ Nbxd7 10. Ne2 Nh5 11. Nc4 Nxf4 12. Nxf4 Nb6 13. Nxb6 Qxb6 14. Rb1
Qa5 15. Qd3 b3+ 16. c3 bxa2 17. Ra1 Rb8 18. O-O Rxb2 19. Rfc1 O-O 20. g3 Rfb8
21. Ne2 Qb5 22. Qxb5 R8xb5 23. c4 R5b3 24. Kf1 Rd2 25. Ke1 Rbb2 26. Nc3 Rxf2
27. Nxa2 Rxh2 28. Rc2 Rbxc2 29. Kd1 Rcg2 0-1

[Event "Copenhagen Chess Challenge 2014"]
[Site "Ballerup"]
[Date "2014.05.14"]
[Round "1"]
[White "Korley, Kassa"]
[Black "Sorensen, Per Settergren"]
[Result "1-0"]
[WhiteElo "2390"]
[BlackElo "2021"]
[PlyCount "75"]
[EventDate "2014.??.??"]
[EventType "swiss"]
[EventRounds "9"]
[EventCountry "DEN"]

1. Nf3 d5 2. g3 Nf6 3. Bg2 e6 4. O-O Be7 5. c4 c6 6. d4 O-O 7. Nc3 b6 8. Bf4
Bb7 9. Rc1 Nh5 10. Bd2 a5 11. Ne5 Nf6 12. Bf4 Na6 13. e4 Rc8 14. Qe2 c5 15.
Rfd1 cxd4 16. Rxd4 Bc5 17. Rd2 d4 18. Nb5 Ne8 19. Nf3 e5 20. Bxe5 Qe7 21. Nbxd4
Bxd4 22. Bxd4 Nc5 23. Nh4 g6 24. Qg4 h5 25. Nf5 Qe6 26. Qg5 Nd7 27. Ne7+ Kh7
28. Nxc8 Bxc8 29. Qd5 Nc7 30. Qxe6 Nxe6 31. f4 Re8 32. e5 f6 33. exf6 Nxd4 34.
Rxd4 Nxf6 35. Rd6 Ng4 36. h3 Ne3 37. Re1 Bf5 38. Rxb6 1-0

[Event "Copenhagen Chess Challenge 2014"]
[Site "Ballerup"]
[Date "2014.05.14"]
[Round "1"]
[White "Mikkelsen, Nikolaj"]
[Black "Nielsen, Viktor"]
[Result "1-0"]
[WhiteElo "2430"]
[BlackElo "2029"]
[PlyCount "61"]
[EventDate "2014.??.??"]
[EventType "swiss"]
[EventRounds "9"]
[EventCountry "DEN"]

1. e4 e5 2. Nf3 Nc6 3. d4 exd4 4. Nxd4 Nf6 5. Nxc6 bxc6 6. e5 Qe7 7. Qe2 Nd5 8.
c4 Nb6 9. Nc3 d5 10. exd6 Qxe2+ 11. Bxe2 cxd6 12. O-O Be6 13. Bf3 Rc8 14. b3
Be7 15. Be3 O-O 16. Rfd1 Rfd8 17. Rac1 d5 18. cxd5 cxd5 19. Nxd5 Nxd5 20. Rxc8
Rxc8 21. Bxd5 Rc2 22. a4 Bxd5 23. Rxd5 Rb2 24. Kf1 Rxb3 25. Rd7 Bf6 26. Rxa7 h5
27. Ra8+ Kh7 28. a5 Rb4 29. a6 Bd4 30. a7 Bxe3 31. Rh8+ 1-0

[Event "Copenhagen Chess Challenge 2014"]
[Site "Ballerup"]
[Date "2014.05.14"]
[Round "1"]
[White "Molvig, Julius"]
[Black "Pedersen, Daniel V"]
[Result "0-1"]
[WhiteElo "1899"]
[BlackElo "2244"]
[PlyCount "30"]
[EventDate "2014.??.??"]
[EventType "swiss"]
[EventRounds "9"]
[EventCountry "DEN"]

1. d4 d5 2. c4 c6 3. Nf3 Nf6 4. Nc3 e6 5. Bf4 dxc4 6. a4 Bb4 7. Qc2 b5 8. axb5
cxb5 9. Bxb8 Rxb8 10. Rxa7 Ba5 11. Ne5 Bb7 12. Nxc4 Bxc3+ 13. Qxc3 bxc4 14.
Qxc4 O-O 15. f3 Qb6 0-1

[Event "Copenhagen Chess Challenge 2014"]
[Site "Ballerup"]
[Date "2014.05.14"]
[Round "1"]
[White "Nielsen, Thomas (1994)"]
[Black "Jacobsen, Mikkel Manosri"]
[Result "0-1"]
[WhiteElo "1600"]
[BlackElo "2113"]
[PlyCount "72"]
[EventDate "2014.??.??"]
[EventType "swiss"]
[EventRounds "9"]
[EventCountry "DEN"]

1. d4 Nf6 2. g3 d5 3. Bg2 Bf5 4. c3 e6 5. Bf4 c5 6. e3 Nc6 7. Nd2 h6 8. h4 Qb6
9. Qb3 c4 10. Qxb6 axb6 11. Ngf3 b5 12. O-O b4 13. Ne5 Nxe5 14. Bxe5 Bd3 15.
Rfe1 Ne4 16. Nxe4 dxe4 17. Bc7 bxc3 18. bxc3 Ba3 19. f3 Kd7 20. Bb6 f5 21. d5
exd5 22. fxe4 dxe4 23. Bd4 Rhg8 24. Bh3 Ke6 25. Bf1 g5 26. Bxd3 cxd3 27. hxg5
Rxg5 28. Kf2 Bd6 29. Rg1 Rag8 30. Rab1 Bxg3+ 31. Rxg3 Rxg3 32. Rb6+ Kd7 33.
Rxb7+ Kc8 34. Rb8+ Kxb8 35. Be5+ Kb7 36. Bxg3 Rxg3 0-1

[Event "Copenhagen Chess Challenge 2014"]
[Site "Ballerup"]
[Date "2014.05.14"]
[Round "1"]
[White "Nordenbaek, Jan"]
[Black "Nielsen, Thomas (1975)"]
[Result "1-0"]
[WhiteElo "2248"]
[BlackElo "1912"]
[PlyCount "63"]
[EventDate "2014.??.??"]
[EventType "swiss"]
[EventRounds "9"]
[EventCountry "DEN"]

1. e4 c6 2. d4 d5 3. e5 Bf5 4. Nf3 e6 5. Be2 c5 6. O-O Nd7 7. c4 dxc4 8. Na3
Ne7 9. Bg5 Qb8 10. Nxc4 Nd5 11. Ne3 Nxe3 12. fxe3 h6 13. Bh4 a6 14. Bd3 Bxd3
15. Qxd3 b5 16. Rf2 Qb7 17. Nd2 g5 18. Bg3 Be7 19. Raf1 c4 20. Qe2 Bb4 21. Rxf7
O-O-O 22. a4 Qd5 23. axb5 axb5 24. Nb1 Rhf8 25. Be1 Rxf7 26. Rxf7 Bxe1 27. Qxe1
Qe4 28. Nc3 Qg6 29. Nxb5 Nxe5 30. Na7+ Kb8 31. Qb4+ Ka8 32. Qb7# 1-0

[Event "Copenhagen Chess Challenge 2014"]
[Site "Ballerup"]
[Date "2014.05.14"]
[Round "1"]
[White "Nyland, Thomas"]
[Black "Ziska, Helgi Dam"]
[Result "0-1"]
[WhiteElo "2043"]
[BlackElo "2491"]
[PlyCount "92"]
[EventDate "2014.??.??"]
[EventType "swiss"]
[EventRounds "9"]
[EventCountry "DEN"]

1. e4 c5 2. c3 Nf6 3. e5 Nd5 4. d4 cxd4 5. cxd4 d6 6. Nf3 Nc6 7. Nc3 dxe5 8.
dxe5 Nxc3 9. Qxd8+ Nxd8 10. bxc3 Bd7 11. Be3 a6 12. Rb1 Rc8 13. Kd2 g6 14. Bd3
Bc6 15. Ne1 Bg7 16. f4 Bd5 17. a4 f6 18. exf6 Bxf6 19. Bd4 Bxd4 20. cxd4 Rf8
21. Rf1 Ne6 22. Ke3 Rc3 23. g3 Ra3 24. Rb4 Bc6 25. Nc2 Rxa4 26. Rxa4 Bxa4 27.
Rb1 Bxc2 28. Bxc2 b5 29. Ra1 Nc7 30. Be4 Kd7 31. g4 Rb8 32. f5 g5 33. h4 h6 34.
hxg5 hxg5 35. Rh1 Ne8 36. Ra1 Rb6 37. Kd3 Rh6 38. Bd5 Rh3+ 39. Ke2 Nc7 40. Bb7
b4 41. Bxa6 Ra3 42. Rxa3 bxa3 43. Bc4 Kd6 44. Kd3 Nd5 45. Bb3 a2 46. Bxa2 Nb4+
0-1

[Event "Copenhagen Chess Challenge 2014"]
[Site "Ballerup"]
[Date "2014.05.14"]
[Round "1"]
[White "Pallesen, Jacob"]
[Black "Hoi, Carsten"]
[Result "0-1"]
[WhiteElo "2029"]
[BlackElo "2397"]
[PlyCount "52"]
[EventDate "2014.??.??"]
[EventType "swiss"]
[EventRounds "9"]
[EventCountry "DEN"]

1. d4 Nf6 2. c4 c5 3. d5 e5 4. Nc3 d6 5. g3 g6 6. Bg2 Bg7 7. f4 exf4 8. gxf4
O-O 9. Nf3 Re8 10. O-O Bf5 11. h3 Ne4 12. Nxe4 Bxe4 13. Qb3 Qb6 14. Qa4 Na6 15.
Rf2 Qb4 16. Qxb4 Nxb4 17. Ng5 Bf5 18. e4 Bd4 19. Kf1 Bxf2 20. Kxf2 h6 21. exf5
Nd3+ 22. Kg3 hxg5 23. Bd2 Re2 24. Bc3 gxf4+ 25. Kf3 Re3+ 26. Kg4 Rg3+ 0-1

[Event "Copenhagen Chess Challenge 2014"]
[Site "Ballerup"]
[Date "2014.05.14"]
[Round "1"]
[White "Brondt, Nicolai Kvist"]
[Black "Larsen, Preben R"]
[Result "1-0"]
[WhiteElo "2200"]
[BlackElo "1808"]
[PlyCount "93"]
[EventDate "2014.??.??"]
[EventType "swiss"]
[EventRounds "9"]
[EventCountry "DEN"]

1. d4 d5 2. Nf3 Nf6 3. c4 dxc4 4. e3 Bf5 5. Bxc4 e6 6. Nc3 c6 7. O-O Nbd7 8.
Qe2 Ne4 9. Nxe4 Bxe4 10. Nd2 Bg6 11. e4 Nf6 12. d5 e5 13. Rd1 Qc7 14. Bb3 Bb4
15. dxc6 bxc6 16. f3 O-O 17. Nc4 Bc5+ 18. Be3 Bxe3+ 19. Qxe3 Rad8 20. Qc3 Nd7
21. Rd6 Kh8 22. Rad1 Nc5 23. Qxe5 Rxd6 24. Qxd6 Qxd6 25. Rxd6 Nxb3 26. axb3 Rc8
27. Ne5 f5 28. exf5 Bxf5 29. Nxc6 h6 30. Rd8+ Rxd8 31. Nxd8 Bd7 32. Nf7+ Kg8
33. Ne5 Bb5 34. Kf2 Kf8 35. Ke3 Ke7 36. Kd4 Ke6 37. Nc4 g6 38. g3 h5 39. h4 Bc6
40. Ne5 Bb7 41. f4 Kf5 42. b4 a6 43. Ke3 Bg2 44. Nd3 Kg4 45. Kf2 Kh3 46. f5
gxf5 47. Nf4+ 1-0

[Event "Copenhagen Chess Challenge 2014"]
[Site "Ballerup"]
[Date "2014.05.14"]
[Round "1"]
[White "Quernheim, Daniel"]
[Black "Thorhallsson, Throstur"]
[Result "0-1"]
[WhiteElo "2032"]
[BlackElo "2437"]
[PlyCount "46"]
[EventDate "2014.??.??"]
[EventType "swiss"]
[EventRounds "9"]
[EventCountry "DEN"]

1. d4 d5 2. c4 dxc4 3. e4 e5 4. Nf3 exd4 5. Bxc4 Bb4+ 6. Bd2 Bxd2+ 7. Qxd2 Nc6
8. O-O Be6 9. Bb5 Bd7 10. Nxd4 Nxd4 11. Qxd4 Bxb5 12. Qe5+ Qe7 13. Qxb5+ c6 14.
Qc4 Nf6 15. Nc3 O-O 16. Rad1 Rad8 17. f3 Nd7 18. Qa4 a6 19. Rf2 Ne5 20. Kf1 Qc5
21. Rfd2 Rxd2 22. Rxd2 Nc4 23. Rd7 Nb6 0-1

[Event "Copenhagen Chess Challenge 2014"]
[Site "Ballerup"]
[Date "2014.05.14"]
[Round "1"]
[White "Slettebo, Jan"]
[Black "Thorfinnsson, Bragi"]
[Result "0-1"]
[WhiteElo "2040"]
[BlackElo "2459"]
[PlyCount "72"]
[EventDate "2014.??.??"]
[EventType "swiss"]
[EventRounds "9"]
[EventCountry "DEN"]

1. e4 c5 2. Nf3 e6 3. d4 cxd4 4. Nxd4 Nf6 5. Nc3 d6 6. Bb5+ Nbd7 7. O-O Be7 8.
f4 O-O 9. Qf3 a6 10. Bxd7 Nxd7 11. Be3 Qc7 12. Qg3 Kh8 13. f5 Nf6 14. Rae1 b5
15. a3 Bd7 16. Qh4 Qc4 17. Nf3 exf5 18. Bd4 Ng8 19. Qg3 f6 20. b3 Qf7 21. Nh4
fxe4 22. Nxe4 Rac8 23. Re2 Rc6 24. Nf5 Bxf5 25. Rxf5 Rfc8 26. Qd3 Qg6 27. Ng3
Bf8 28. h4 d5 29. Rxd5 Qxd3 30. cxd3 Rc1+ 31. Kf2 Nh6 32. Ne4 Bxa3 33. Kg3 Rd1
34. Nc5 a5 35. Re7 Rxd3+ 36. Nxd3 Bxe7 0-1

[Event "Copenhagen Chess Challenge 2014"]
[Site "Ballerup"]
[Date "2014.05.14"]
[Round "1"]
[White "Stefansson, Hannes"]
[Black "Brondal, Paul"]
[Result "1-0"]
[WhiteElo "2548"]
[BlackElo "2078"]
[PlyCount "65"]
[EventDate "2014.??.??"]
[EventType "swiss"]
[EventRounds "9"]
[EventCountry "DEN"]

1. d4 Nf6 2. c4 e6 3. Nf3 d5 4. Nc3 Nbd7 5. cxd5 exd5 6. Bg5 Be7 7. e3 O-O 8.
Qc2 Re8 9. Bd3 Nf8 10. h3 c6 11. Bf4 Bd6 12. Bxd6 Qxd6 13. O-O Ne6 14. Rab1 g6
15. b4 Ng7 16. b5 Bf5 17. bxc6 bxc6 18. Rb7 Bc8 19. Rb3 Bf5 20. Rc1 Rab8 21.
Na4 Rxb3 22. axb3 Bxd3 23. Qxd3 Re7 24. Ne5 Rc7 25. Qa6 Qb4 26. Nc5 Qd2 27.
Ncd3 Nf5 28. Rxc6 Nxe3 29. fxe3 Qxe3+ 30. Kh2 Ne4 31. Rxc7 Qg3+ 32. Kh1 Nf2+
33. Nxf2 1-0

[Event "Copenhagen Chess Challenge 2014"]
[Site "Ballerup"]
[Date "2014.05.14"]
[Round "1"]
[White "Tangelder, Yonne"]
[Black "Rydstrom, Tom"]
[Result "0-1"]
[WhiteElo "1800"]
[BlackElo "2190"]
[PlyCount "70"]
[EventDate "2014.??.??"]
[EventType "swiss"]
[EventRounds "9"]
[EventCountry "DEN"]

1. e4 e5 2. d4 exd4 3. Qxd4 Nc6 4. Qe3 Nf6 5. Nc3 Be7 6. Bd2 d5 7. exd5 Nxd5 8.
Qg3 Be6 9. O-O-O Nd4 10. Nge2 Nf5 11. Qf3 c6 12. g4 Nh4 13. Qg3 Qc8 14. h3 O-O
15. f4 f5 16. Nd4 Nxc3 17. Bxc3 Ng6 18. Nxe6 Qxe6 19. gxf5 Qxf5 20. Bd3 Qxf4+
21. Qxf4 Rxf4 22. Bxg6 hxg6 23. Rd7 Rf7 24. Rhd1 Raf8 25. Bd2 Bc5 26. Bc3 Be3+
27. Bd2 Rxd7 28. Bxe3 Rxd1+ 29. Kxd1 Rf3 30. Bxa7 Rxh3 31. Ke2 Kf7 32. Be3 Ke6
33. b4 Kf5 34. Bc5 Ke4 35. Bf8 Ra3 0-1